Cliquez sur la bonne traduction en espagnol - Les signes du zodiaque - Statistiques

Statistiques générales
  • Ce quiz a été pris 128 fois
  • Le résultat moyen est 10 sur 12
Statistiques - réponses
Hint Réponse % Correct
Taureau Tauro
99%
Cancer Càncer
98%
Gémeaux Géminis
98%
Lion Leo
97%
Vierge Virgo
91%
Sagittaire Sagitario
90%
Capricorne Capricorno
87%
Scorpion Escorpio
85%
Poissons Piscis
70%
Bélier Aries
67%
Balance Libra
61%
Verseau Acuaro
51%
Aucun quiz correspondant
Distribution des résultats
% des personnes avec chaque résultat
Percentile par nombre de réponses
Votre historique - résultats
Vous n’avez pas pris ce quiz